Metternich/ (Record no. 13087)
[ view plain ]
| 000 -LEADER | |
|---|---|
| fixed length control field | 00967cam a22002771i 4500 |
| 001 - CONTROL NUMBER | |
| control field | 7954950 |
| 003 - CONTROL NUMBER IDENTIFIER | |
| control field | EG-ScBUE |
| 005 - DATE AND TIME OF LATEST TRANSACTION | |
| control field | 20240606102852.0 |
| 008 - FIXED-LENGTH DATA ELEMENTS--GENERAL INFORMATION | |
| fixed length control field | 771004s1911 nyua f 000 0 eng d |
| 035 ## - SYSTEM CONTROL NUMBER | |
| System control number | (OCoLC)3317591 |
| 040 ## - CATALOGING SOURCE | |
| Original cataloging agency | DLC |
| Language of cataloging | eng |
| Description conventions | rda |
| Transcribing agency | PCvA |
| Modifying agency | DLC |
| -- | EG-ScBUE |
| 082 04 - DEWEY DECIMAL CLASSIFICATION NUMBER | |
| Edition number | 22 |
| Classification number | 943.603 |
| Item number | SAN |
| 100 1# - MAIN ENTRY--PERSONAL NAME | |
| Personal name | Sandeman, George Amelius Crawshay, |
| Relator term | author. |
| 9 (RLIN) | 10176 |
| 245 10 - TITLE STATEMENT | |
| Title | Metternich/ |
| Statement of responsibility, etc | by G. A. C. Sandeman. |
| 264 #1 - PUBLICATION, DISTRIBUTION, ETC. (IMPRINT) | |
| Place of publication, distribution, etc | New York : |
| Name of publisher, distributor, etc | Brentano, |
| Date of publication, distribution, etc | 1911. |
| 300 ## - PHYSICAL DESCRIPTION | |
| Extent | xiv, 358 pages : |
| Other physical details | illustrations ; |
| Dimensions | 23 cm |
| 336 ## - CONTENT TYPE | |
| Source | rdacontent |
| Content type term | text |
| Content type code | txt |
| 337 ## - MEDIA TYPE | |
| Media type term | unmediated |
| Source | rdamedia |
| Media type code | n |
| 338 ## - CARRIER TYPE | |
| Carrier type term | volume |
| Carrier type code | nc |
| Source | rdacarrier |
| 600 17 - SUBJECT ADDED ENTRY--PERSONAL NAME | |
| Personal name | Metternich, Clemens Wenzel Lothar, |
| Titles and other words associated with a name | Furst von, |
| Dates associated with a name | 1773-1859. |
| Source of heading or term | BUEsh |
| 9 (RLIN) | 10177 |
| 651 #7 - SUBJECT ADDED ENTRY--GEOGRAPHIC NAME | |
| Geographic name | Europe |
| General subdivision | Politics and government |
| Chronological subdivision | 1789-1900. |
| Source of heading or term | BUEsh |
| 9 (RLIN) | 10178 |
| 651 #7 - SUBJECT ADDED ENTRY--GEOGRAPHIC NAME | |
| Geographic name | Austria |
| General subdivision | Politics and government |
| Chronological subdivision | 1789-1900. |
| Source of heading or term | BUEsh |
| 9 (RLIN) | 10179 |
| 655 ## - INDEX TERM--GENRE/FORM | |
| Form subdivision | Reading book |
| 942 ## - ADDED ENTRY ELEMENTS (KOHA) | |
| Source of classification or shelving scheme | Dewey Decimal Classification |
| Koha item type | Book - Borrowing |
| Withdrawn status | Lost status | Source of classification or shelving scheme | Damaged status | Not for loan | Collection code | Home library | Current library | Shelving location | Date acquired | Source of acquisition | Total Checkouts | Total Renewals | Full call number | Barcode | Date last seen | Date checked out | Price effective from | Koha item type |
|---|---|---|---|---|---|---|---|---|---|---|---|---|---|---|---|---|---|---|
| Dewey Decimal Classification | Central Library | Central Library | Second Floor | 04/01/2010 | Donation | 1 | 2 | 943.603 SAN | 000019347 | 15/07/2025 | 21/11/2010 | 04/01/2010 | Book - Borrowing |